Paroles - Allumer le feu - Johnny Hallyday - Statistiques

Statistiques générales
  • Ce quiz a été pris 246 fois
  • Le résultat moyen est 204 sur 250
Statistiques - réponses
Réponse % Correct
à
100%
le
100%
Allumer
99%
feu
99%
Et
98%
et
98%
les
93%
dans
92%
de
92%
la
90%
D'un
87%
d'un
87%
Il
87%
sa
87%
Pour
86%
yeux
86%
dieux
85%
étincelle
85%
suffira
85%
flamme
84%
l'état
84%
sauvage
84%
d'une
82%
D'une
82%
faire
82%
l'orage
81%
Revenir
81%
se
81%
Se
81%
cage
80%
vos
80%
danser
79%
d'amour
77%
diables
77%
temps
77%
qui
76%
rien
76%
Sortir
76%
des
75%
mot
75%
voir
75%
nos
74%
Nos
74%
Tourner
74%
geste
73%
loup
73%
vent
71%
déchaîne
69%
grandir
68%
veines
68%
sang
65%
lion
63%
Sentir
63%
guitares
60%
son
60%
Battre
59%
bruit
59%
démarrent
59%
motos
59%
barrages
58%
en
58%
l'arène
53%
chaînes
51%
Je
51%
portes
50%
Forcer
47%
Monter
47%
peu
47%
contact
46%
libérer
46%
foule
45%
délire
43%
problèmes
43%
veux
43%
guerre
38%
haches
37%
Lâcher
37%
peines
36%
rires
36%
toutes
36%
jour
34%
Oh
34%
tonnerre
32%
Laisser
30%
l'éclair
30%
derrière
27%
fête
25%
L'odeur
22%
poudre
21%
Aucun quiz correspondant
Distribution des résultats
% des personnes avec chaque résultat
Percentile par nombre de réponses
Votre historique - résultats
Vous n’avez pas pris ce quiz